Countries That Start with B with Hints - Statistics

General Stats
  • This quiz has been taken 47 times
  • The average score is 12 of 17
Answer Stats
Hint Answer % Correct
Where Portugueseis spoken Brazil
95%
Formerlypart of the USSR Belarus
88%
Landlockedin the Americas Bolivia
88%
Foundingstate of the EU Belgium
86%
Where Rihannacomes from Barbados
81%
Borders a disputedterritory in Asia Bhutan
76%
Partially insidethe Bermuda Triangle Bahamas
71%
The Niger riverpasses through it Benin
71%
Formerly surroundedby South Africa on 3 sides Botswana
71%
An Arab country Bahrain
69%
Borders the previous Burkina Faso
69%
On the Mediterranean Sea Bosnia and Herzegovina
62%
Often floodedor devastated by cyclones Bangladesh
52%
On the Pacific Ocean Brunei
50%
Allied with the Axisduring WWII Bulgaria
50%
With people on its flag Belize
45%
A former colonyof the previous Burundi
43%
No matching quizzes found
Score Distribution
Percent of People with Each Score
Percentile by Number Answered
Your Score History
You have not taken this quiz